Statistics for UK Number 1 Singles of the 2010s

Click here to take the quiz!

General Stats

  • This quiz has been taken 449 times
    (436 since last reset)
  • The average score is 117 of 198

Answer Stats

YearSong TitleArtist% Correct
2010Bad RomanceLady Gaga
96%
2010TelephoneLady Gaga featuring Beyonce
96%
2013The MonsterEminem featuring Rihanna
93%
2011What's My Name?Rihanna featuring Drake
93%
2012Part of MeKaty Perry
92%
2013RoarKaty Perry
92%
2010California GurlsKaty Perry featuring Snoop Dogg
92%
2014Uptown FunkMark Ronson featuring Bruno Mars
92%
2011We Found LoveRihanna featuring Calvin Harris
92%
2013Blurred LinesRobin Thicke featuring T.I. and Pharrell
92%
2011Someone Like YouAdele
91%
2015HelloAdele
91%
2010Nothin' on YouB.o.B featuring Bruno Mars
91%
2011The Lazy SongBruno Mars
91%
2010Just the Way You AreBruno Mars
91%
2011GrenadeBrunoMars
91%
2013We Can't StopMiley Cyrus
91%
2013Wrecking BallMiley Cyrus
91%
2012DiamondsRihanna
91%
2010Only Girl (In the World)Rihanna
91%
2011Price TagJessie J featuring B.o.B
89%
2011What Makes You BeautifulOne Direction
89%
2012Little ThingsOne Direction
89%
2015Drag Me DownOne Direction
89%
2013One Way or Another (Teenage Kicks)One Direction
89%
2010Gettin' Over YouDavid Guetta and Chris Willis featuring Fergie and LMFAO
85%
2010OMGUsher featuring Will.I.Am
85%
2013Get LuckyDaft Punk featuring Pharrell Williams
84%
2014Bang BangJessie J, Ariana Grande and Nicki Minaj
84%
2012PayphoneMaroon 5 featuring Wiz Khalifa
84%
2012Hall of FameThe Script featuring will.i.am
84%
2012TitaniumDavid Guetta featuring Sia
83%
2015What Do You Mean?Justin Bieber
83%
2015SorryJustin Bieber
83%
2015Love YourselfJustin Bieber
83%
2016Cold WaterMajor Lazer featuring Justin Bieber and MO
83%
2012TroublemakerOlly Murs featuring Flo Rida
82%
2013Scream & Shoutwill.i.am featuring Britney Spears
82%
2014Thinking Out LoudEd Sheeran
81%
2014SingEd Sheeran
81%
2012Call Me MaybeCarly Rae Jepsen
80%
2012DominoJessie J
80%
2011CannonballLittle Mix
80%
2012WingsLittle Mix
80%
2015Black MagicLittle Mix
80%
2013La La LaNaughty Boy featuring Sam Smith
80%
2014TimberPitbull featuring Ke$ha
80%
2015Lay Me DownSam Smith featuring John Legend
80%
2015Marvin GayeCharlie Puth featuring Meghan Trainor
79%
2014Crazy Stupid LoveCheryl Cole featuring Tinie Tempah
79%
2010FirefliesOwl City
79%
2012Gangnam StylePsy
79%
2011Heart Skips a BeatOlly Murs featuring Rizzle Kicks
78%
2014Stay with MeSam Smith
78%
2014Money on My MindSam Smith
78%
2015Writing's on the WallSam Smith
78%
2015Not Letting GoTinie Tempah featuring Jess Glynne
78%
2013Wake Me UpAvicii
77%
2013I Could Be the OneAvicii vs Nicky Romero
77%
2011Party Rock AnthemLMFAO featuring Lauren Bennett and GoonRock
77%
2013RoyalsLorde
77%
2012RIPRita Ora featuring Tinie Tempah
77%
2010Club Can't Handle MeFlo Rida featuring David Guetta
76%
2010Please Don't Let Me GoOlly Murs
76%
2011Dance with Me TonightOlly Murs
76%
2015Love Me like You DoEllie Goulding
75%
2013BurnEllie Goulding
75%
2014HappyPharrell Williams
75%
2012This Is Lovewill.i.am featuring Eva Simons
75%
2012ParadiseColdplay
74%
2013MirrorsJustin Timberlake
74%
2014All About That BassMeghan Trainor
74%
2014It's My Birthdaywill.i.am featuring Cody Wise
74%
2016One DanceDrake featuring Wizkid and Kyla
73%
2012Somebody That I Used to KnowGotye featuring Kimbra
73%
2011On the FloorJennifer Lopez featuring Pitbull
73%
2011We R Who We RKe$ha
73%
2011Give Me EverythingPitbull featuring Ne-Yo, Afrojack and Nayer
73%
2010AirplanesB.o.B featuring Hayley Williams
72%
2013Thrift ShopMacklemore & Ryan Lewis featuring Wanz
72%
2014BlameCalvin Harris featuring John Newman
70%
2014Tsunami (Jump)DVBBS and Borgeous featuring Tinie Tempah
69%
2015Turn the Music Louder (Rumble)KDA featuring Tinie Tempah and Katy B
69%
2013Counting StarsOneRepublic
69%
2010The Time (Dirty Bit)The Black Eyed Peas
69%
2010Pass OutTinie Tempah
69%
2010Written In The StarsTinie Tempah featuring Eric Turner
69%
2015Want to Want MeJason Derulo
68%
2011Don't Wanna Go HomeJason Derulo
68%
2010In My HeadJason Derulo
68%
2013Talk DirtyJason Derulo featuring 2 Chainz
68%
2016PillowtalkZayn
68%
2015See You AgainWiz Khalifa featuring Charlie Puth
67%
2013Under ControlCalvin Harris and Alesso featuring Hurts
66%
2012Sweet NothingCalvin Harris featuring Florence Welch
66%
2014Rather BeClean Bandit featuring Jess Glynne
66%
2012We Are YoungFun. featuring Janelle Monae
66%
2014SummerCalvin Harris
65%
2010DynamiteTaio Cruz
65%
2014Lovers on the SunDavid Guetta featuring Sam Martin
64%
2011Glad You CameThe Wanted
64%
2010All Time LowThe Wanted
64%
2010Forget YouCee Lo Green
63%
2016StitchesShawn Mendes
63%
2012Call My NameCheryl
62%
2014I Don't CareCheryl
62%
2010Promise ThisCheryl Cole
62%
2012ImpossibleJames Arthur
62%
2012Beneath Your BeautifulLabrinth featuring Emeli Sande
62%
2012Don't You Worry ChildSwedish House Mafia featuring John Martin
61%
2012Hot Right NowDJ Fresh featuring Rita Ora
60%
2012CandyRobbie Williams
60%
2014Do They Know It's Christmas?Band Aid 30
59%
2011Swagger JaggerCher Lloyd
59%
2012Good FeelingFlo Rida
57%
2015CheerleaderOMI
57%
2014I Will Never Let You DownRita Ora
57%
2012How We Do (Party)Rita Ora
57%
2014My LoveRoute 94 featuring Jess Glynne
56%
2015Hold My HandJess Glynne
55%
2015Don't Be So Hard On YourselfJess Glynne
55%
2010Love You MoreJLS
55%
2010The Club Is AliveJLS
55%
2011She Makes Me WannaJLS featuring Dev
55%
2013Somewhere Only We KnowLily Allen
55%
2011Read All About ItProfessor Green featuring Emeli Sande
55%
2014ProblemAriana Grande featuring Iggy Azalea
54%
2012Let Me Love You (Until You Learn to Love Yourself)Ne-Yo
54%
2010Beautiful MonsterNe-Yo
54%
2016I Took a Pill in IbizaMike Posner
53%
2013Let's Get Ready to RhumblePJ & Duncan
53%
2012Feel the LoveRudimental featuring John Newman
51%
2010When We ColideMatt Cardle
49%
20167 YearsLukas Graham
48%
2014Am I WrongNico & Vinz
48%
2010ReplayIyaz
47%
2012Spectrum (Say My Name)Florence and the Machine
44%
2010The ClimbJoe McElderry
44%
2014RudeMagic!
44%
2010ShoutShout for England featuring Dizzee Rascal and James Corden
44%
2014She Looks So Perfect5 Seconds of Summer
43%
2014GhostElla Henderson
43%
2011Stay AwakeExample
43%
2011Changed the Way You Kiss MeExample
43%
2013I Love ItIcona Pop featuring Charli XCX
43%
2013Love Me AgainJohn Newman
43%
2010Dirtee DiscoDizzee Rascal
42%
2014These DaysTake That
42%
2015KingYears & Years
40%
2013Waiting All NightRudimental featuring Ella Eyre
38%
2010HeroesThe X Factor Finalists 2010
38%
2011Wishing on a StarThe X Factor Finalists 2011
38%
2011No RegretsDappy
34%
2013AnimalsMartin Garrix
33%
2011All About TonightPixie Lott
33%
2014The ManAloe Blacc
32%
2010This Ain't a Love SongScouting for Girls
32%
2011Don't Hold Your BreathNicole Scherzinger
31%
2014ChangingSigma featuring Paloma Faith
31%
2013What About UsThe Saturdays featuring Sean Paul
30%
2010Start Without YouAlexandra Burke featuring Laza Morgan
29%
2012Turn Up the MusicChris Brown
28%
2012SingGary Barlow and the Commonwealth Band featuring Military Wives
28%
2013Need U (100%)Duke Dumont featuring A*M*E
27%
2015Fight SongRachel Platten
27%
2013SkyscraperSam Bailey
27%
2012HeatwaveWiley featuring Ms D
27%
2014I Got UDuke Dumont featuring Jax Jones
26%
2014WavesMr Probz
26%
2014Me and My Broken HeartRixton
26%
2010We No Speak AmericanoYolanda Be Cool and DCUP
26%
2014Prayer in CLilly Wood and Robin Schulz
25%
2014Gecko (OverdriveOliver Heldens and Becky Hill
25%
2014Nobody to LoveSigma featuring Daniel Pearce
25%
2012The Power of LoveGabrielle Aplin
24%
2014HideawayKiesza
24%
2010OnceDiana Vickers
23%
2010Good TimesRoll Deep
23%
2010Green LightRoll Deep
23%
2015Easy LoveSigala
23%
2012YoungTulisa
22%
2014Something I NeedBen Haenow
21%
2011LouderDJ Fresh featuring Sian Evans
19%
2011Wherever You AreMilitary Wives with Gareth Malone and Paul Mealor
18%
2015Are You With MeLost Frequencies
17%
2012Bom BomSam and the Womp
16%
2013Get Up (Rattle)Bingo Players featuring Far East Movement
15%
2012TwilightCover Drive
15%
2010Everybody HurtsHelping Haiti
15%
2011Don't GoWretch 32 featuring Josh Kumra
15%
2015House Every WeekendDavid Zowie
14%
2012He Ain't Heavy, He's My BrotherThe Justice Collective
12%
2011PromisesNero
10%
2013Look Right ThroughStorm Queen
10%
2011Loca PeopleSak Noel
9%
2014I Wanna FeelSecondCity
9%
2015A Bridge over YouLewisham and Greenwich NHS Choir
8%
2014Wake Me UpGareth Malone's All Star Choir
7%

Score Distribution

Percentile by Number Answered

Percent of People with Each Score

Your Score History

You have not taken this quiz since the last reset